00738nam a2200205 i 4500001000700000003000900007005001700016008004100033017001600074020001800090245016800108260004800276300002600324490004500350500001500395700002400410700003500434830004200469852002100511171492ES-MaACL20250808062808.0090519s1974 sp |||| | spa d aM 1472-1974 a84-220-0673-100aDocumentos colectivos del Episcopado español, 1870-1974 / cedición completa, preparada por Jesús Iribarren ; presentación de Vicente Enrique y Tarancón. aMadrid : bLa Editorial Católica, c1974. aXI, 561 p. ; c20 cm.1 aBiblioteca de autores cristianos ; v355 aÍndices.0 aIribarren, Jesús.1 aEnrique y Tarancón, Vicente.00aBiblioteca de autores cristianosv355 aES-MaACLjJ-348